000 02125nam a2200541 i 4500
001 41966
003 KOSZ 005
005 20200716142648.0
008 020222s2001 pl a f f |000 0 pol
015 _aUWD 2002/3082
020 _a3409533125
020 _a8370855857
035 _a991017786309705066
035 _a(PL-WaBN)b1481335x-48omnis_nlop
035 _ab1481335x
035 _a(OCoLC)69534110
035 _a(PL)b0000001481335
035 _a(EXLNZ-48OMNIS_NETWORK)9910521731205606
040 _aWA N
_cWA N
_dKOSZ 005/HR
041 1 _apol
_hger
080 _a658.1/.5
080 _a005
080 _a(075.8)
100 1 _aSteinmann, Horst
_d(1934- )
_eAutor
245 1 0 _aZarządzanie :
_bpodstawy kierowania przedsiębiorstwem : koncepcje, funkcje, przykłady /
_cHorst Steinmann, Georg Schreyögg ; tł. i red. nauk. pod kier. Lesława Martana.
246 1 _iTyt. oryg.:
_aManagement :
_bGrundlagen der Unternehmensführung : Konzepte, Funktionen, Fallstudien, 2000
250 _aWyd. 4 popr. i uzup. /
_b[zmiany w porównaniu do poprz. wyd. ustalił Robert Kamiński ; tł. zmian Lesław Martan et al.].
260 _aWrocław :
_bOficyna Wydawnicza Politechniki Wrocławskiej,
_c2001.
300 _a582 s. :
_bil. ;
_c24 cm.
336 _aTekst
_btxt
_2rdacontent
337 _aBez urządzenia pośredniczącego
_bn
_2rdamedia
338 _aWolumin
_bnc
_2rdacarrier
380 _aKsiążki
380 _aPublikaccje dydaktyczne
385 _mPoziom nauczania
_aSzkoły wyższe
388 _a2001-
504 _aBibliogr. przy rozdz.
650 7 _aZarządzanie
_2DBN
655 7 _aPodręczniki akademickie
_2DBN
658 _aZarządzanie i marketing
700 1 _aKamiński, Robert
_c(ekonomia)
_eOpracowanie
700 1 _aMartan, Lesław
_d(1925-2008)
_eTłumaczenie
700 1 _aSchreyögg, Georg
_eAutor
710 2 _aOficyna Wydawnicza Politechniki Wrocławskiej
_4pbl
856 _uhttp://koha.tu.koszalin.pl/cgi-bin/koha/opac-detail.pl?biblionumber=41966
_yKatalog online BPK
942 _2UKD
_cKS
999 _c41966
_d41966